000 00692nam a2200205Ia 4500
003 IN-BaIIA
008 211028s9999 xx 000 0 eng d
020 _a0-937707-43-0
040 _cIIA Library
080 _a082.2:52
_bASP-24
245 0 _aCosmology and large-scale structure in the universe
_cedited by Reinaldo R. de Carvalho
260 _aSan Francisco
_bAstronomical Society of the Pacific
_c1992
300 _axii, 225p.
490 _aASP conference series; v. 24
650 _aAstronomy and astrophysics thesaurus
650 _aCosmology
650 _aLarge scale structure
_93362
700 _ade Carvalho, Reinaldo R .,ed.
_918701
942 _cBK
999 _c10950
_d10950